Alle Spieler von Real Madrid seit 00/01 - Statistiken

Allgemein
  • Dieses Quiz wurde 103 mal gespielt
  • Das Durchschnittsergebnis liegt bei 62 aus 237
Antwortstatistiken
Real Madrid % Korrekt
Cristiano Ronaldo
99%
Ronaldo
99%
Toni Kroos
85%
Kiko Casilla
81%
Sergio Ramos
81%
Karim Benzema
79%
Luka Modric
78%
Gareth Bale
75%
Vinicius Junior
75%
Antonio Rüdiger
74%
David Alaba
74%
Pepe
74%
Raul
71%
Enzo Zidane
68%
Luca Zidane
68%
Zinedine Zidane
68%
Daniel Carvajal
67%
Kylian Mbappe
67%
Marcelo
67%
Thibaut Courtois
67%
Jude Bellingham
66%
Luis Figo
64%
Mesut Özil
64%
Rodrygo
64%
Casemiro
62%
Federico Valverde
62%
Sami Khedira
62%
Xabi Alonso
60%
Eduardo Camavinga
59%
Angel Di Maria
58%
Arjen Robben
58%
Andriy Lunin
56%
Aurelien Tchouameni
56%
Iker Casillas
56%
Keylor Navas
55%
David Beckham
53%
Kaka
53%
Marcos Alonso
53%
Roberto Carlos
53%
Brahim Diaz
52%
Eder Militao
52%
Ferland Mendy
52%
Isco
52%
James Rodriguez
52%
Arda Güler
51%
Eden Hazard
49%
Mariano Diaz
49%
Fran Garcia
48%
Gonzalo Higuain
48%
Trent Alexander-Arnold
48%
Alvaro Arbeloa
47%
Fabio Coentrao
47%
Gonzalo Garcia
47%
Javi Garcia
47%
Lucas Vazquez
47%
Luis Garcia
47%
Marco Asensio
47%
Nacho Fernandez
47%
Pablo Garcia
47%
Raphael Varane
47%
Ruud Van Nistelrooy
45%
Theo Hernandez
44%
Endrick
42%
Guti
42%
Javier Hernandez
41%
Alvaro Rodriguez
40%
Fernando Hierro
40%
Jesus Fernandez
40%
Jose Rodriguez
40%
Oscar Rodriguez
40%
Rafael Van der Vaart
40%
Alex Fernandez
38%
Alvaro Morata
38%
Borja Fernandez
38%
Diego Lopez
38%
Dani Ceballos
37%
Dean Huijsen
37%
Fabio Cannavaro
37%
Jordi Lopez
37%
Alvaro Carreras
36%
Carlos Sanchez
36%
Cesar Sanchez
36%
Javi Sanchez
36%
Fernando Morientes
34%
Luka Jovic
34%
Michael Owen
34%
Robinho
34%
Willian Jose
34%
Joselu
32%
Wesley Sneijder
32%
Adrian Martin
30%
Alvaro Odriozola
30%
Franco Mastantuono
30%
Mario Martin
30%
Raul Asencio
30%
Juanfran Torres
29%
Miguel Torres
29%
Christoph Metzelder
27%
Jesus Vallejo
27%
Asier Illarramendi
26%
Jese
26%
Mateo Kovacic
26%
Nuri Sahin
26%
Achraf Hakimi
25%
Lassana Diarra
25%
Mahamadou Diarra
25%
Michel Salgado
25%
Raul Albiol
25%
Alphonse Areola
23%
Claude Makelele
23%
Martin Odegaard
23%
Lucas Silva
22%
Klaas-Jan Huntelaar
21%
Ricardo Carvalho
21%
Steve McManaman
21%
Danilo
19%
Fran Gonzalez
19%
Ivan Helguera
19%
Jose Callejon
19%
Kepa
19%
Michael Essien
19%
Ruben Gonzalez
19%
Fernando Gago
18%
Hamit Altintop
18%
Diego Llorente
16%
Gabriel Heinze
16%
Marcos Llorente
16%
Philipp Lienhart
16%
Royston Drenthe
16%
Savio
15%
Alex Perez
14%
Borja Mayoral
14%
Emmanuel Adebayor
14%
Jotha Perez
14%
Esteban Cambiasso
12%
Jerzy Dudek
12%
Nico Paz
12%
Santiago Solari
12%
Sergio Reguilon
12%
Antonio Adan
11%
Antonio Cassano
11%
David Jimenez
11%
Esteban Granero
11%
Ezequiel Garay
10%
Raul Bravo
10%
Roberto Soldado
10%
Walter Samuel
10%
Denis Cheryshev
8%
Emerson
8%
Francisco Pavon
8%
Javier Saviola
8%
Juanfran Moreno
8%
Ruben De La Red
8%
Sergio Canales
8%
Sergio Santos
8%
Thomas Gravesen
8%
Cesar Palacios
7%
Flavio Conceicao
7%
Jacobo Ramon
7%
Jonathan Woodgate
7%
Julio Baptista
7%
Julio Cesar
7%
Miguel Gutierrez
7%
Njitap Geremi
7%
Omar Mascarell
7%
Pedro Mendes
7%
Aitor Karanka
5%
Chema Andres
5%
Dani Parejo
5%
Diego Aguado
5%
Ivan Campo
5%
Lorenzo Aguado
5%
Pedro Leon
5%
Victor Munoz
5%
Antonio Blanco
4%
Javi Munoz
4%
Jorge Cestero
4%
Jose Antonio Reyes
4%
Manolo Sanchis
4%
Manuel Angel
4%
Pedro Munitis
4%
Sergio Arribas
4%
Tote
4%
Albert Celades
3%
Alberto Bueno
3%
Alberto Rivera
3%
Alvaro Fidalgo
3%
Antonio Nunez
3%
Cicinho
3%
Daniel Yanez
3%
Elvir Baljic
3%
Enrique Corrales
3%
Fabinho
3%
Fernando Pacheco
3%
Javier Portillo
3%
Oscar Minambres
3%
Peter
3%
Raul De Tomas
3%
Ruben Yanez
3%
Victor Valdepenas
3%
Vinicius Tobias
3%
Alvaro Mejia
1%
Alvaro Tejero
1%
Borja Valero
1%
Carlos Aranda
1%
Carlos Diogo
1%
Dani Meso
1%
Gary Kagelmacher
1%
Hugo Duro
1%
Javier Balboa
1%
Javier Paredes
1%
Jose Manuel Jurado
1%
Juanjo Olalla
1%
Juanmi Latasa
1%
Julien Faubert
1%
Mario Gila
1%
Marvin
1%
Pablo Sarabia
1%
Riki
1%
Valdo
1%
Victor Chust
1%
Alvaro Carrillo
0%
Alvaro Medran
0%
Cristo
0%
David Mateos
0%
Franchu
0%
Jaime Seoane
0%
Jordi Codina
0%
Jorge Casado
0%
Juankar
0%
Luismi Quezada
0%
Marcos Tebar
0%
Miguel Angel Nieto
0%
Miguel Palanca
0%
Miguel Palencia
0%
Pedro Mosquera
0%
Tomas Mejias
0%
Keine übereinstimmenden Quizze gefunden
Verteilung der Resultate
Anzahl Personen mit jedem Resultat
Perzentil nach korrekt beantworteten Fragen
Ihre Resultats-Entwicklung
Sie haben dieses Quiz noch nicht gespielt